| 000 | 00855nam a22002297a 4500 | ||
|---|---|---|---|
| 999 |
_c10496 _d10496 |
||
| 003 | AR-CdUCM | ||
| 008 | 190401b ||||| |||| 00| 0 spa d | ||
| 040 |
_aMUNICIPALIDAD PROVINCIAL DEL CUSCO _cBIBLIOTECA MUNICIPAL DEL CUSCO |
||
| 041 | _heng | ||
| 082 |
_a512 / _bC81 E / 1965 |
||
| 100 |
_aComfort, Alex _927385 |
||
| 245 |
_aDarwin y la mujer desnuda : _bEnsayos discursivos sobre biologia y arte / |
||
| 260 |
_aBarcelona : _bSeix barral, _c1965. |
||
| 300 |
_a245 paginas ; _c17 cm. |
||
| 500 | _aTitulo original : Darwin and the naked lady | ||
| 505 | _aContenido : El pensar duro y el pensar blando -- Darwin f Freud -- Febo y pan -- El rapto de andromeda -- La dama desnuda... | ||
| 650 |
_aBiologia de la mujer _927386 |
||
| 650 |
_aMujer densuda _927387 |
||
| 650 |
_aEnsayos de biologia _927388 |
||
| 942 |
_2ddc _cLIBROS |
||
| 945 | _awnts | ||